[Event "GRE-ch U10"]
[Site "Peristeri"]
[Date "2024.06.28"]
[Round "9"]
[White "Kalogeropoulos, Konstantinos"]
[Black "Zachos, Konstantinos"]
[Result "1-0"]
[WhiteElo "1637"]
[BlackElo "830"]
[PlyCount "57"]
[EventDate "2024.06.22"]
[EventType "swiss"]
[EventRounds "9"]
[EventCountry "GRE"]
[SourceTitle "EXT 2025"]
[Source "ChessBase"]
[SourceDate "2024.10.14"]
[SourceVersion "1"]
[SourceVersionDate "2024.10.14"]
[SourceQuality "1"]

1. e4 c5 2. Nf3 d6 3. d4 cxd4 4. Nxd4 Nf6 5. Bb5+ Bd7 6. Bxd7+ Qxd7 7. Nc3 g6 8. 0-0 Bg7 9. Be3 0-0 10. Qd3 Nc6 11. Nxc6 bxc6 12. Rad1 Ng4 13. h3 Ne5 14. Qe2 Rab8 15. f4 Rxb2 16. Bd4 Nc4 17. Qxc4 Rxc2 18. Qb3 c5 19. Bxg7 Rxc3 20. Qxc3 Rc8 21. Bh6 f6 22. e5 Qf5 23. exf6 exf6 24. Rxd6 Qh5 25. Bg7 Kxg7 26. Qxf6+ Kh6 27. Rd7 Rg8 28. Qf7 Qf5 29. Qxh7# 1-0

[Event "GRE-ch U10"]
[Site "Peristeri"]
[Date "2024.06.26"]
[Round "7"]
[White "Skodras, Dionysios Eleftheri"]
[Black "Zachos, Konstantinos"]
[Result "1/2-1/2"]
[WhiteElo "1453"]
[BlackElo "830"]
[PlyCount "93"]
[EventDate "2024.06.22"]
[EventType "swiss"]
[EventRounds "9"]
[EventCountry "GRE"]
[SourceTitle "EXT 2025"]
[Source "ChessBase"]
[SourceDate "2024.10.14"]
[SourceVersion "1"]
[SourceVersionDate "2024.10.14"]
[SourceQuality "1"]

1. d4 d5 2. c4 e6 3. Nc3 Be7 4. cxd5 exd5 5. Bf4 Nf6 6. e3 0-0 7. Bd3 c5 8. Nge2 Nc6 9. 0-0 cxd4 10. exd4 Bg4 11. Qd2 Qb6 12. Be3 Bxe2 13. Bxe2 Bb4 14. Bf3 Rad8 15. Rfd1 h6 16. Rac1 Rfe8 17. Qc2 Bxc3 18. bxc3 Rc8 19. Rb1 Qc7 20. Rdc1 Na5 21. Qd3 Qc4 22. Qxc4 Rxc4 23. Rb5 Ra4 24. Rc2 Nc4 25. Re2 Nb6 26. h3 Ne4 27. Bxe4 Rxe4 28. Rc2 Re8 29. Kf1 Rc8 30. Kg1 Rac4 31. Rb3 R8c7 32. Bf4 Rc8 33. Rc1 Re8 34. Kf1 Re7 35. g3 Ra4 36. Rc2 Rc4 37. Be3 Re6 38. Kg2 Kf8 39. Kf1 Rcc6 40. Re2 Rc7 41. Bf4 Rcc6 42. Rxe6 Rxe6 43. Bc7 Ke7 44. Bxb6 Rxb6 45. Rxb6 axb6 46. Ke2 Ke6 47. Ke3 1/2-1/2

[Event "GRE-ch U10"]
[Site "Peristeri"]
[Date "2024.06.22"]
[Round "1"]
[White "Zachos, Konstantinos"]
[Black "Eleftheriou, Vasileios1"]
[Result "1-0"]
[WhiteElo "830"]
[BlackElo "1517"]
[PlyCount "57"]
[EventDate "2024.06.22"]
[EventType "swiss"]
[EventRounds "9"]
[EventCountry "GRE"]
[SourceTitle "EXT 2025"]
[Source "ChessBase"]
[SourceDate "2024.10.14"]
[SourceVersion "1"]
[SourceVersionDate "2024.10.14"]
[SourceQuality "1"]

1. d4 d5 2. Bf4 Nf6 3. e3 e6 4. Nf3 c5 5. c3 Nc6 6. Bd3 Bd6 7. Bg3 Qc7 8. Nbd2 c4 9. Bc2 0-0 10. Bh4 Be7 11. Qb1 h6 12. Qd1 Ne8 13. Bxe7 Qxe7 14. Bb1 Nf6 15. Qc2 Qd8 16. Ne5 Ne7 17. h4 h5 18. g4 g6 19. gxh5 Nxh5 20. Rg1 Nf5 21. Qd1 Qxh4 22. Ndf3 Qf6 23. Ng4 Qe7 24. Bxf5 exf5 25. Nge5 f4 26. Qc2 Bf5 27. Qxf5 Ng7 28. Qxf4 Ne6 29. Qh6 1-0